[Event "World Team-ch Women 2017"]
[Site "Khanty-Mansyisk"]
[Date "2017.06.24"]
[Round "7"]
[White "Mamedjarova, Zeinab"]
[Black "Dzagnidze, Nana"]
[Result "0-1"]
[WhiteElo "2289"]
[BlackElo "2533"]
[Annotator "TA"]
[PlyCount "146"]
[EventDate "2017.??.??"]
[EventType "team-tourn"]
[EventCountry "RUS"]
[SourceTitle "playchess.com"]
[Source "ChessBase"]
[SourceQuality "1"]
[WhiteTeam "AZE"]
[BlackTeam "GEO"]
[WhiteTeamCountry "AZE"]
[BlackTeamCountry "GEO"]

{[%evp 9,146,-21,-18,-12,-12,-21,-18,-51,-30,-22,-19,-25,-16,-13,-11,-23,-24,-33,-13,-22,-18,-29,-2,0,6,12,82,45,86,89,110,94,83,79,268,140,202,112,117,114,114,110,110,110,110,112,224,226,286,0,0,0,0,0,12,0,0,0,0,0,0,-27,0,-17,-23,-112,-73,-83,-74,-97,-105,-144,-138,-227,-232,-225,-231,-214,-222,-354,-356,-354,-350,-356,-350,-393,-377,-350,-350,-416,-408,-416,-416,-416,-409,-395,-377,-408,-407,-383,-376,-892,0,-285,-294,-289,-268,-308,-308,-305,-276,-305,-302,-308,-308,-302,-297,-296,-289,-280,-280,-760,-757,-716,-699,-676,-681,-867,-833,-1095,-1089,-29983,-29984,-29984,-29985,-29985,-29986,-29986,-29987]} 1. d4 Nf6 2. Nf3 d5 3. e3 c5 4. Bd3 Nc6 5. O-O Bg4 6. Be2 {D04: Colle System} (6. c3 e6 7. Nbd2 cxd4 8. exd4 Bd6 9. Re1 O-O 10. Nf1 Re8 11. Bg5 h6 12. Bh4 e5 13. dxe5 Nxe5 14. Be2 Nxf3+ 15. Bxf3 Rxe1 16. Qxe1 Bxf3 17. gxf3 {½-½ (44) Golubov,S (2490)-Peralta,F (2574) Sitges 2016}) 6... e6 7. Nbd2 Rc8 8. a3 {The position is equal.} c4 $146 ({Predecessor:} 8... a6 9. Re1 Be7 10. dxc5 Bxc5 11. b4 Be7 12. Bb2 O-O {½-½ (22) Volman,H (2215)-Dudakov,S (2225) Israel 1990}) 9. Ne5 Bxe2 10. Qxe2 Nxe5 11. dxe5 Nd7 12. f4 {[%cal Bf2f4,Bf4f5,Bf5e6][%mdl 32]} c3 13. Nb3 {[%cal Bd2b3,Bb3d4,Bd4f5][%mdl 32]} Qc7 14. bxc3 Qxc3 15. Rb1 Be7 16. Nd4 b6 17. f5 Nxe5 (17... O-O $11) 18. Qb5+ Nc6 19. fxe6 f6 20. Qxd5 {Black must now prevent Qd7+.} O-O 21. Nf5 $1 Rfd8 $2 (21... g6 $16 22. Bb2 Qc5 23. Nxe7+ Nxe7 24. Qxc5 Rxc5) 22. Qf3 (22. Qe4 $18) 22... Qc4 (22... Kh8 $16) 23. Qg3 (23. Bb2 $1 $18) 23... g6 $16 24. Bb2 Qxe6 25. Nxe7+ Nxe7 26. Rxf6 Qe4 27. Rbf1 Rxc2 {[#]} (27... Rf8 $16 {keeps fighting.}) 28. Bd4 $1 $18 {Hoping for Rf7.} Nc6 29. R6f4 $2 (29. Ba1 $18 Ra2 30. Qh3 Rxa1 31. Rxa1) 29... Nxd4 $11 30. exd4 Qd5 31. h4 Rc4 32. h5 (32. Qf2 $5 {[%cal Rf4f8]} Qd6 33. Re4 $11) 32... Qxh5 33. Qe3 {And now Qe6+ would win.} Qd5 {[%cal Rc4d4]} 34. Qe7 {Intending Rf8+ and mate.} Rcc8 35. R1f3 a5 36. Kh1 Re8 37. Qf6 (37. Qa7 $1 $11 {keeps the balance.}) 37... Qe6 38. Qg5 Rcd8 39. Kh2 Rd5 $36 {[%mdl 2048] White is under strong pressure.} 40. Qg3 Qd6 41. Rf1 (41. Rd3 $17 {was worth a try.}) 41... Rxd4 $19 42. Rxd4 Qxd4 {[%mdl 4096] Endgame KQR-KQR} 43. Qb3+ Kh8 44. Rf3 (44. Qf7 {was called for.} Qe5+ 45. g3) 44... Qh4+ 45. Rh3 Qf4+ 46. Rg3 Re5 {( -> ...Rh5+)} 47. Qc3 Kg8 48. Kg1 Rc5 49. Qd3 Qc1+ 50. Kh2 {intending Qd8+.} Qh6+ 51. Rh3 Qf4+ 52. Rg3 Kg7 53. Kg1 {If only White now had time for Qd7+....} Qc1+ 54. Kh2 Qh6+ 55. Kg1 $2 (55. Rh3 Qf4+ 56. Qg3 Qxg3+ 57. Rxg3) 55... Qc1+ $2 (55... Rc1+ 56. Kf2 Qf4+ 57. Rf3 Qh4+ 58. g3 {[#]} Rc2+ $1 {[%mdl 512]} 59. Ke1 Qh1+ 60. Rf1 Rc1+ 61. Kd2 Rxf1 62. Qd4+ Kh6 63. Qe3+ Kh5 64. Qe2+ Qf3 65. g4+ Kxg4 66. Qe6+ Kg3 67. Qe5+ Kh3 68. Qe6+ Kg2 69. Qe3 Rd1+ 70. Kc2 Qxe3 71. Kxd1 Qc3 72. a4 h5 73. Ke2 Qd4 74. Ke1 Kf3 75. Kf1 Qf2#) 56. Kh2 $1 Rh5+ 57. Rh3 Qf4+ 58. Kh1 Rxh3+ 59. gxh3 {KQ-KQ} h5 {[%cal Bh7h5,Bh5h4][%mdl 32]} 60. Qd7+ Kh6 61. Qd8 h4 62. Qh8+ Kg5 63. Qd8+ Qf6 64. Qd2+ Kh5 65. Qe3 $2 (65. Qd1+ Kh6 66. a4) 65... b5 66. Qe2+ Kh6 67. Qd2+ g5 {Strongly threatening ...Qf1+.} 68. Qd3 b4 69. axb4 axb4 70. Qb3 Qf1+ {Black mates.} 71. Kh2 Qf2+ 72. Kh1 Qe1+ 73. Kh2 {[#]} Qg3+ $1 {Precision: White = 32%, Black = 58%.} 0-1

[Event "World Team-ch Women 2017"]
[Site "Khanty-Mansyisk"]
[Date "2017.06.24"]
[Round "7"]
[White "Gorti, Akshita"]
[Black "Nguyen, Thi Mai Hung"]
[Result "0-1"]
[WhiteElo "2240"]
[BlackElo "2301"]
[Annotator "NA"]
[PlyCount "90"]
[EventDate "2017.??.??"]
[EventType "team-tourn"]
[EventCountry "RUS"]
[SourceTitle "playchess.com"]
[Source "ChessBase"]
[SourceQuality "1"]
[WhiteTeam "USA"]
[BlackTeam "VIE"]
[WhiteTeamCountry "USA"]
[BlackTeamCountry "VIE"]
[TimeControl "40/5400+30:1800+30"]

1. d4 {[%emt 0:00:00]} d5 {[%emt 0:00:06]} 2. c4 {[%emt 0:00:00]} c6 {[%emt 0:00:13]} 3. Nf3 {[%emt 0:00:00]} Nf6 {[%emt 0:00:12]} 4. e3 {[%emt 0:00:00]} Bf5 {[%emt 0:00:15]} 5. Nc3 {[%emt 0:00:13]} e6 {[%emt 0:00:06]} 6. Nh4 {[%emt 0:00:16]} Be4 {[%emt 0:00:19]} 7. f3 {[%emt 0:00:26]} Bg6 {[%emt 0:00:07]} 8. Qb3 {[%emt 0:00:19]} Qc7 {[%emt 0:00:10]} 9. Bd2 {[%emt 0:00:46] D12: Slav Defence: 3 Nf3 Nf6 4 e3 Bf5} Nbd7 {[%emt 0:00:13]} (9... a6 10. Rc1 dxc4 11. Bxc4 Nbd7 12. a4 Be7 13. g3 Bh5 14. O-O O-O 15. Ng2 Rad8 16. Nf4 Kh8 {½-½ (34) So,W (2822)-Caruana,F (2817) chess.com INT 2017}) 10. cxd5 {[%emt 0:03:40]} Nxd5 {[%emt 0:00:22]} 11. Nxd5 {[%emt 0:11:54]} exd5 {[%emt 0:01:45]} 12. e4 {[%emt 0:02:50]} dxe4 {[%emt 0:05:48]} 13. Nxg6 {[%emt 0:00:10]} hxg6 {[%emt 0:00:15]} 14. fxe4 {[%emt 0:00:15]} Nf6 {[%emt 0:06:00]} (14... O-O-O $5 {[%cal Rd7f6]}) 15. e5 $146 {[%emt 0:06:39]} ({Predecessor:} 15. O-O-O $1 $11 O-O-O 16. Bg5 Rh5 {½-½ (36) Jun,Z (2244)-Kamsky,G (2690) Khanty-Mansiysk 2005}) 15... Nd5 {[%emt 0:00:38]} 16. Bd3 {[%emt 0:03:24]} a5 {[%emt 0:10:13]} 17. a3 {[%emt 0:06:02]} Rh4 {[%emt 0:10:37]} 18. Bc3 $1 {[%emt 0:11:40]} Be7 {[%emt 0:12:04]} 19. g3 $1 {[%emt 0:02:16]} Rh6 {[%emt 0:01:48]} (19... Rh8 $14) 20. Bd2 {[%emt 0:01:22]} Rh8 {[%emt 0:05:31]} 21. O-O-O {[%emt 0:02:01]} Qb6 $16 {[%emt 0:07:11]} 22. Qxb6 {[%emt 0:11:56]} Nxb6 {[%emt 0:00:07]} 23. Rdf1 {[%emt 0:01:19]} Nd5 {[%emt 0:05:27]} 24. e6 {[%emt 0:03:12]} Bf6 {[%emt 0:06:06]} 25. exf7+ {[%emt 0:03:03]} Kxf7 {[%emt 0:00:12]} 26. g4 {[%emt 0:00:12]} Rh3 {[%emt 0:01:43]} 27. Kc2 {[%emt 0:13:20]} g5 {[%emt 0:07:40]} 28. Bxg5 {[%emt 0:03:46]} Kg8 {[%emt 0:00:28]} 29. Bc1 {[%emt 0:03:50]} Bxd4 {[%emt 0:01:04]} 30. g5 {[%emt 0:01:36]} Re8 {[%emt 0:04:48]} 31. g6 {[%emt 0:01:41]} Bf6 {[%emt 0:02:02]} 32. Rf2 {[%emt 0:02:07]} Re5 {[%emt 0:05:34]} 33. Rf5 {[%emt 0:04:42]} Kf8 {[%emt 0:03:41]} 34. Rxe5 {[%emt 0:00:57]} Bxe5 {[%emt 0:00:02]} 35. Bd2 {[%emt 0:01:00]} b6 {[%emt 0:02:10]} 36. b4 {[%emt 0:00:23]} axb4 {[%emt 0:00:11]} 37. axb4 {[%emt 0:00:08]} Ke7 {[%emt 0:01:03]} 38. Be4 {[%emt 0:00:45]} Kd6 {[%emt 0:00:46]} 39. Rd1 {[%emt 0:00:44]} Rxh2 {[%emt 0:00:13]} 40. Kb3 {[%emt 0:00:00]} b5 {[%emt 0:01:00]} 41. Bd3 {[%emt 0:10:39]} Ke6 {[%emt 0:02:23]} 42. Be4 {[%emt 0:02:47]} Rh4 {[%emt 0:04:30]} 43. Re1 {[%emt 0:00:52]} Kd6 {[%emt 0:00:40]} 44. Kc2 {[%emt 0:03:02]} Rh2 {[%emt 0:01:41]} 45. Kd3 {[%emt 0:00:53]} Rxd2+ {[%emt 0:00:25] Kd4} 0-1

[Event "World Team-ch Women 2017"]
[Site "Khanty-Mansyisk"]
[Date "2017.06.24"]
[Round "7"]
[White "Mona, Khaled"]
[Black "Ushenina, Anna"]
[Result "1/2-1/2"]
[WhiteElo "2168"]
[BlackElo "2458"]
[Annotator "TA"]
[PlyCount "71"]
[EventDate "2017.??.??"]
[EventType "team-tourn"]
[EventCountry "RUS"]
[SourceTitle "playchess.com"]
[Source "ChessBase"]
[SourceQuality "1"]
[WhiteTeam "EGY"]
[BlackTeam "UKR"]
[WhiteTeamCountry "EGY"]
[BlackTeamCountry "UKR"]

{[%evp 20,71,0,0,33,26,31,15,29,28,45,33,18,20,37,24,71,81,92,34,33,24,39,30,43,10,25,0,23,20,30,0,27,26,28,24,72,50,50,40,50,34,35,16,39,30,22,0,46,0,16,0,51,0]} 1. d4 Nf6 2. c4 e6 3. Nc3 d5 4. cxd5 exd5 5. Bf4 Bd6 6. Bxd6 Qxd6 7. Nf3 c6 8. e3 Bf5 9. Bd3 Bxd3 10. Qxd3 Nbd7 11. O-O {LiveBook: 56 Games. D35: Queen's Gambit Declined: Exchange Variation} a5 (11... O-O 12. Rab1 a5 13. Qc2 Rfe8 14. a3 Nb6 15. Nd2 Ng4 16. Nf3 Nc4 17. h3 Nf6 18. Nd2 Nxd2 19. Qxd2 Nd7 {½-½ (57) Lesiege,A (2525)-So,W (2822) chess.com INT 2017}) 12. e4 $146 ({Predecessor:} 12. Nd2 O-O 13. f3 Rfe8 14. Rae1 Re6 15. Nb3 a4 16. Nc1 a3 17. b3 {1-0 (58) Palmer,B-Ryan,J (2270) Ireland 1993}) 12... dxe4 13. Nxe4 Nxe4 14. Qxe4+ Kf8 $1 15. Rfe1 g6 16. Ne5 Nxe5 17. dxe5 Qe6 18. Rad1 Re8 19. Qh4 (19. Qa4 $16) 19... Kg7 $14 20. f4 Qf5 21. Rd2 h6 {[%cal Bh7h6,Bh6h5,Bh5h4][%mdl 32]} 22. Rf2 h5 23. Rd2 Re6 24. h3 Rhe8 25. Rf2 Rh8 (25... Rd6 $5) 26. Rd1 Qe4 27. Qg3 h4 28. Qb3 b5 29. Rd7 Rhe8 30. Qc3 a4 31. a3 R8e7 32. Rd4 Qf5 33. Rd6 Qe4 34. Rd4 Qf5 $1 35. Rd6 Qe4 36. Rd4 {Precision: White = 37%, Black = 42%.} (36. Rf1 $14) 1/2-1/2

[Event "World Team-ch Women 2017"]
[Site "Khanty-Mansyisk"]
[Date "2017.06.24"]
[Round "7"]
[White "Moaataz, Ayah"]
[Black "Osmak, Iulija"]
[Result "0-1"]
[WhiteElo "2020"]
[BlackElo "2350"]
[Annotator "TA"]
[PlyCount "102"]
[EventDate "2017.??.??"]
[EventType "team-tourn"]
[EventCountry "RUS"]
[SourceTitle "playchess.com"]
[Source "ChessBase"]
[SourceQuality "1"]
[WhiteTeam "EGY"]
[BlackTeam "UKR"]
[WhiteTeamCountry "EGY"]
[BlackTeamCountry "UKR"]

{[%evp 22,102,-1,-19,0,-20,-12,-54,-43,-43,-44,-44,-44,-45,-35,-45,-45,-42,-42,-42,-26,-43,-17,-34,-12,-29,0,-37,-36,-60,-47,-44,0,-69,-25,-25,-35,-15,0,-120,-46,-128,-123,-200,-132,-444,-438,-667,-657,-928,-891,-864,-641,-639,-637,-618,-625,-618,-622,-698,-689,-705,-703,-676,-698,-679,-662,-1296,-1279,-1303,-1464,-1326,-1424,-1656,-1715,-1648,-1423,-29967,-5604,-29982,-29979,-29998,-29999]} 1. c4 e5 2. g3 Nf6 3. Bg2 c6 4. d4 exd4 5. Qxd4 d5 6. Nc3 Be6 7. cxd5 cxd5 8. Nf3 Nc6 9. Qa4 Bc5 10. O-O O-O 11. Bg5 {A20: English Opening: 1...e5} h6 12. Bf4 {LiveBook: 3 Games} (12. Bxf6 $5 Qxf6 13. Rac1 $11) 12... Re8 $146 ({Predecessor:} 12... a6 13. Rad1 Qe7 14. Ne5 Rfc8 15. Nxc6 bxc6 16. Qc2 Ba7 17. b3 Rd8 18. e4 Rac8 19. exd5 cxd5 20. Qd3 d4 21. Na4 Bd7 22. Qxa6 {1-0 (34) Ghaem Maghami,E (2599)-Friedel,J (2498) Beijing 2008}) 13. Rad1 {The position is equal.} (13. Qb5 $5 {[%cal Rb5c5]} Bb6 14. Na4 $11) 13... Qb6 14. Qb5 d4 (14... Ne4 $5 {[%cal Re4c3]} 15. Qxb6 axb6 $15) 15. Qxb6 axb6 16. Nb5 Rxa2 17. Nfxd4 Rxb2 {Strongly threatening ...Bc4.} 18. Nxc6 {[#] And now Nc7 would win.} Rxb5 19. Nd4 Bxd4 20. Rxd4 Bd5 21. Bxd5 Nxd5 22. e4 Nc3 {[#] Hoping for ...Ne2+.} 23. Re1 Rb2 {Threatens to win with ...Ne2+.} 24. Kf1 b5 25. Bd6 Ra8 $36 {[%mdl 2048] Black has the initiative.} 26. Re3 Rc2 27. e5 (27. Bb4 $11 Na2 28. Be1) 27... Raa2 28. Rf3 Rc1+ 29. Kg2 Ne2 (29... Rg1+ $5 30. Kxg1 Ne2+ 31. Kg2 Nxd4 $11) 30. Rb4 (30. Rd5 $11 {keeps the balance.}) 30... Rg1+ $17 31. Kh3 Rd1 {...Ng1+ is the strong threat.} 32. Re3 (32. Rfb3 $17) 32... Nd4 33. Re4 $2 {[%mdl 8192]} (33. Rc3 $17 {is more resistant.}) 33... Ne6 $19 34. Kg4 (34. Kg2 $142 Rdd2 35. Rf4) 34... Rxf2 35. Rxb5 Rxh2 36. Rf4 Nxf4 37. Kxf4 {[%mdl 4096] Endgame KRR-KRB} Rf2+ 38. Ke3 Rg2 39. Kf3 Rgg1 40. Rxb7 Rd3+ 41. Kf2 Rgxg3 42. Rb8+ Kh7 43. Rf8 Rgf3+ 44. Ke2 Rde3+ 45. Kd2 Re4 46. Rc8 h5 {[%cal Bh6h5,Bh5h4,Bh4h3][%mdl 32]} 47. Rc1 h4 48. Rh1 h3 49. Bb8 Rg4 50. Ke2 Rb3 51. Bd6 Rg2+ {Precision: White = 25%, Black = 72%.} 0-1

[Event "World Team-ch Women 2017"]
[Site "Khanty-Mansyisk"]
[Date "2017.06.25"]
[Round "8"]
[White "Harika, Dronavalli"]
[Black "Pham, Le Thao Nguyen"]
[Result "1/2-1/2"]
[WhiteElo "2535"]
[BlackElo "2344"]
[Annotator "TA"]
[PlyCount "159"]
[EventDate "2017.??.??"]
[EventType "team-tourn"]
[EventCountry "RUS"]
[SourceTitle "playchess.com"]
[Source "ChessBase"]
[SourceQuality "1"]
[WhiteTeam "IND"]
[BlackTeam "VIE"]
[WhiteTeamCountry "IND"]
[BlackTeamCountry "VIE"]

{[%evp 16,159,9,-1,10,-3,-8,-6,0,0,0,-10,-1,-25,-4,-36,-29,-29,-25,-48,-45,-46,-37,-31,-27,-46,-47,-39,-51,-41,-48,-45,0,0,0,0,0,0,0,-25,0,-49,-36,-95,-107,-83,-97,-92,-101,-110,-107,-104,-81,-109,-109,-109,-109,-110,-104,-115,-115,-116,-103,-102,-81,-74,0,0,0,0,0,0,0,0,0,0,0,0,0,0,0,0,0,0,0,0,0,-22,0,0,0,0,0,0,0,-32,-14,-520,-520,-513,-494,-781,-709,-1529,-1181,-2462,-1906,-5073,-485,-486,-350,-7821,-6179,-1381,-291,-291,-291,-291,-291,-291,-291,-7829,-10437,-5535,-9693,-2707,-291,-291,-291,-291,-291,-291,-240,-291,-291,-291,-291,-291,-142,-143,-143,-291,-8,-8,0,0]} 1. e4 e5 2. Nf3 Nc6 3. Bb5 Nf6 {[%cal Bg8f6,Bf6d7,Bd7f8][%mdl 32]} 4. d3 Bc5 5. Bxc6 dxc6 6. Nbd2 {C65: Ruy Lopez: Berlin Defence (3...Nf6), unusual lines and 4 0-0 Bc5} O-O 7. O-O Re8 8. Nc4 Nd7 9. Kh1 {LiveBook: 15 Games} Bd6 10. Bg5 f6 11. Be3 Nf8 12. Nh4 Be6 13. Nd2 $146 ({Predecessor:} 13. Nf5 Qd7 {1-0 (29) Negi,P (2645)-Bologan,V (2654) Tromsoe 2014}) 13... Qd7 14. Rg1 Ng6 (14... g5 $5 {[%cal Rg5h4]} 15. Nhf3 b6 $15) 15. g3 Nxh4 16. gxh4 Kh8 17. f3 Qf7 18. Qe1 Qh5 19. Qg3 {[%csl Gg1][%cal Rg3g7]} Re7 20. Rg2 Rf8 21. f4 exf4 22. Bxf4 Bxf4 23. Qxf4 Qe5 24. Qxe5 fxe5 25. Rf1 Rxf1+ 26. Nxf1 $11 {[%mdl 4096] Endgame KRB-KRN} Rf7 27. Ne3 Kg8 28. b3 Rf4 29. Kg1 (29. h5 $15) 29... h6 $1 $17 30. h5 Rh4 31. Rf2 Rxh5 32. a4 Rg5+ 33. Kf1 Rg6 34. Ke2 Rf6 35. Rxf6 gxf6 {KB-KN} 36. b4 Kg7 37. a5 Kg6 38. Kf3 b6 39. c3 Bd7 40. d4 exd4 (40... Kg5 $17) 41. cxd4 $11 Kg5 42. Kg3 h5 43. h4+ Kg6 44. Kf4 Kf7 45. Nf5 Be6 46. e5 fxe5+ 47. Kxe5 Bb3 48. Ng3 Bd1 49. Nf5 Ke8 50. Ng3 Kd7 51. Ne4 Bf3 {White should prevent ...Bxe4.} 52. Ng5 Bg4 53. Ne4 {Black must now prevent Nf6+.} Kc8 54. Nf6 Bd1 55. Kf5 Kb7 {Hoping for ...bxa5.} 56. Kg5 $2 {[%mdl 8192]} (56. Kf4 $11) 56... bxa5 $19 57. bxa5 Ka6 58. Nxh5 (58. Kf4 $142 Kxa5 59. d5) 58... Kxa5 59. Nf6 Kb4 60. Kf4 a5 61. Ke3 Kc3 (61... a4 $142 62. Kd2 Kb3) 62. Ne4+ Kb2 63. Kd2 $2 (63. Nc5 Kc3 64. Ne4+ Kc4 65. Kd2 Kxd4 66. Nf6) 63... Bc2 64. Nc3 Bg6 $2 (64... a4 65. h5 a3) 65. Na4+ Kb3 66. Nc5+ Kc4 67. Kc1 {[#]} Kc3 $1 ({Weaker is} 67... Kxd4 68. Nb3+ Ke3 69. Nxa5 $17) 68. Na4+ $2 (68. h5 Bxh5 69. Kb1) 68... Kxd4 69. Kb2 c5 70. Nc3 Be8 $2 (70... c4 {Strongly threatening ...Kd3.} 71. Na4 Be8) 71. h5 Bxh5 72. Nb5+ Kd3 73. Nxc7 Bf7 74. Nb5 a4 75. Nd6 Bb3 76. Ka3 Kc2 (76... Bd1 $19 {is more deadly.} 77. Nb7 Kd4) 77. Ne4 c4 78. Nd6 {[#]} (78. Nf6 $17) 78... c3 $2 (78... Kd3 $1 $19 {And now ...c3 would win.} 79. Nb5 Bc2) 79. Ne4 $11 Kd3 80. Nxc3 $1 {Precision: White = 41%, Black = 47%.} 1/2-1/2

[Event "World Team-ch Women 2017"]
[Site "Khanty-Mansyisk"]
[Date "2017.06.25"]
[Round "8"]
[White "Tan, Zhongyi"]
[Black "Zawadzka, Jolanta"]
[Result "1/2-1/2"]
[WhiteElo "2517"]
[BlackElo "2426"]
[Annotator "TA"]
[PlyCount "101"]
[EventDate "2017.??.??"]
[EventType "team-tourn"]
[EventCountry "RUS"]
[SourceTitle "playchess.com"]
[Source "ChessBase"]
[SourceQuality "1"]
[WhiteTeam "CHN"]
[BlackTeam "POL"]
[WhiteTeamCountry "CHN"]
[BlackTeamCountry "POL"]

{[%evp 10,101,13,16,19,25,20,22,29,20,29,29,29,29,33,33,43,46,41,46,35,43,18,16,50,50,50,45,44,31,31,25,32,30,54,31,34,39,54,50,62,54,72,72,74,73,85,80,77,81,111,99,85,91,90,75,105,60,68,64,66,33,42,37,50,25,62,58,152,44,55,0,0,0,55,51,54,52,46,51,85,85,85,23,23,15,16,16,21,26,25,18,31,2]} 1. d4 d5 2. c4 e6 3. Nc3 Bb4 4. e3 Nf6 5. a3 Bxc3+ 6. bxc3 c6 {E40: Nimzo-Indian: Rubinstein (4 e3): Unusual Black 4th moves} (6... O-O 7. cxd5 exd5 8. Bd3 Bg4 9. Ne2 Bh5 10. f3 Bg6 11. O-O Re8 12. Nf4 Bxd3 13. Qxd3 c5 14. Rb1 b6 15. dxc5 bxc5 {1-0 (71) Tomashevsky,E (2716)-Zhang,Z (2645) Doha 2016}) 7. a4 O-O 8. Nf3 b6 {The position is equal.} 9. cxd5 cxd5 10. Ba3 Re8 $1 11. Bb5 Bd7 12. Bd3 Nc6 13. O-O $146 ({Predecessor:} 13. Bd6 Ne4 14. Bxe4 dxe4 15. Nd2 e5 {½-½ (50) Zhao,J (2580)-Hou,Y (2602) Xinghua Jiangsu 2011}) 13... e5 14. dxe5 Nxe5 15. Nxe5 Rxe5 16. a5 Bc6 17. axb6 axb6 18. Bb2 Re8 19. Rxa8 Qxa8 20. Qb3 Qb7 21. Ra1 Ne4 22. c4 Nc5 23. Qc3 {[%csl Gb2][%cal Rc3g7] [#]} f6 24. cxd5 Bxd5 25. Bf1 Rc8 26. Qb4 Kh8 27. h3 Be4 28. Bd4 h6 29. f3 Bd5 30. Rb1 {[%cal Ba1b1,Bb1b2,Bb2c2][%mdl 32]} Ba2 31. Rb2 Qa8 32. Rc2 Qa7 33. Bd3 Be6 34. Bg6 Qc7 35. Qe1 Qd6 36. Qh4 {Hoping for Bxf6!} Bb3 37. Rc1 Qe7 38. e4 {Strongly threatening e5!} Bf7 {[#]} (38... Qd6 $14 39. Be3 Kg8) 39. Qg4 (39. Bxf6 $1 $16 {[%mdl 512] Threatening mate with Qxh6+.} Qxf6 40. Qxf6 gxf6 41. Bxf7) 39... Be6 40. Qh5 ({White should try} 40. Bf5 $14 Qd7 41. Bf2) 40... Qd8 $11 41. Be3 Kg8 ({Better is} 41... Qd3 $1 $11 42. Bf4 Ra8) 42. e5 Nd7 43. Rxc8 Qxc8 44. exf6 Nxf6 45. Qe5 Nd5 46. Bd2 (46. Bd4 $16 {[%csl Gd4][%cal Re5g7]} Qc1+ 47. Kf2 Qd2+ 48. Kg3 Qg5+ 49. Qxg5 hxg5 50. Bd3) 46... Ne7 47. Be4 {Black must now prevent Be3.} Qc5+ 48. Qxc5 bxc5 49. Kf2 Kf7 50. Bc1 Nd5 51. Bxd5 {Precision: White = 62%, Black = 58%.} 1/2-1/2

[Event "World Team-ch Women 2017"]
[Site "Khanty-Mansyisk"]
[Date "2017.06.25"]
[Round "8"]
[White "Gunina, Valentina"]
[Black "Moaataz, Ayah"]
[Result "1-0"]
[WhiteElo "2504"]
[BlackElo "2020"]
[Annotator "TA"]
[PlyCount "69"]
[EventDate "2017.??.??"]
[EventType "team-tourn"]
[EventCountry "RUS"]
[SourceTitle "playchess.com"]
[Source "ChessBase"]
[SourceQuality "1"]
[WhiteTeam "RUS"]
[BlackTeam "EGY"]
[WhiteTeamCountry "RUS"]
[BlackTeamCountry "EGY"]

{[%evp 22,69,16,6,16,17,31,0,0,-4,0,0,99,99,99,95,99,99,99,93,97,99,106,105,104,90,108,104,152,146,130,143,147,121,112,122,151,147,227,214,418,380,374,374,391,387,617,595,5793,4164]} 1. e4 c6 2. d4 d5 3. Nc3 dxe4 4. Nxe4 Bf5 5. Ng3 Bg6 6. Nf3 Nd7 7. Bd3 Bxd3 8. Qxd3 Qc7 9. O-O Ngf6 10. c4 e6 11. a3 Be7 12. Re1 O-O {B18: Classical Caro-Kann: 4...Bf5 sidelines} 13. Bd2 $146 ({Predecessor:} 13. Nf5 Bd8 14. Ne3 Re8 15. Bd2 Be7 16. Bc3 Rad8 17. Qc2 Bd6 18. Nf1 e5 19. dxe5 Nxe5 20. Nxe5 Bxe5 21. Bxe5 Rxe5 22. Rxe5 Qxe5 23. Ne3 {½-½ (23) Moller,A (1853)-Madsen,M (2071) Copenhagen 2016}) 13... b5 14. cxb5 (14. Nf5 $5 {[%cal Rf5e7]} Bd8 15. Ne3 $14) 14... cxb5 {The position is equal.} 15. Rac1 Qb7 16. Nf5 Nd5 (16... exf5 $11 {keeps the balance.} 17. Rxe7 Nd5) 17. Nxe7+ $16 Nxe7 18. Bb4 $36 {[%mdl 2048] Black is under strong pressure.} Nf6 {[#]} 19. Bxe7 $1 Qxe7 20. Qxb5 Rab8 21. Qe2 Rb3 22. Rc2 Qb7 23. Ne5 Nd5 24. g3 Ne7 {[#]} 25. Rec1 $1 {Black must now prevent Rc7.} Nf5 26. Nc6 Qd7 27. Rd1 Rb6 28. Qf3 Qb7 29. b4 Kh8 (29... h6 $16 {was called for.} 30. h4 Ne7) 30. d5 $18 Qd7 $2 (30... Ne7 31. Nxe7 Qxe7) 31. dxe6 Qxe6 32. Nxa7 Nh4 33. Qd5 Qg4 {[#]} (33... Qxd5 $142 34. Rxd5 Nf3+ 35. Kh1 Ra6) 34. Rc8 $1 {[%cal Rc8f8][%mdl 512]} Rb8 (34... Rxc8 35. Qd8+) 35. Rxb8 {Precision: White = 76%, Black = 41%.} 1-0

[Event "World Team-ch Women 2017"]
[Site "Khanty-Mansyisk"]
[Date "2017.06.25"]
[Round "8"]
[White "Socko, Monika"]
[Black "Ju, Wenjun"]
[Result "1/2-1/2"]
[WhiteElo "2485"]
[BlackElo "2583"]
[Annotator "TA"]
[PlyCount "87"]
[EventDate "2017.??.??"]
[EventType "team-tourn"]
[EventCountry "RUS"]
[SourceTitle "playchess.com"]
[Source "ChessBase"]
[SourceQuality "1"]
[WhiteTeam "POL"]
[BlackTeam "CHN"]
[WhiteTeamCountry "POL"]
[BlackTeamCountry "CHN"]

{[%evp 23,87,0,0,0,0,0,0,0,0,0,0,0,0,0,0,0,0,0,0,0,0,0,0,0,0,0,0,0,0,0,0,0,0,0,4,0,0,0,0,0,0,0,0,0,0,0,0,0,0,0,3,7,33,0,0,0,18,0,0,0,0,0,0,0,0,0]} 1. d4 Nf6 2. c4 e6 3. Nc3 Bb4 4. Qc2 O-O 5. e4 d5 6. e5 Ne4 7. Bd3 c5 8. Nf3 {E32: Nimzo-Indian: Classical (4 Qc2): 4...0-0} cxd4 9. Nxd4 Nd7 10. Bf4 Qh4 11. g3 Qh5 12. O-O Bxc3 {LiveBook: 18 Games} 13. bxc3 g5 $1 {[%cal Rg5f4]} 14. cxd5 exd5 {[#]} 15. e6 $146 ({Predecessor:} 15. Bxe4 dxe4 {½-½ (35) Mamedyarov,S (2765)-Efimenko,Z (2706) Ningbo 2011}) 15... gxf4 16. exd7 Bxd7 17. Bxe4 dxe4 18. Qxe4 fxg3 19. fxg3 b6 20. Nf5 {[#] Hoping for Ne7+.} Rae8 21. Ne7+ Kg7 $1 {White must now prevent ...Qc5+.} 22. Qd4+ f6 23. Rfe1 Qc5 24. Qxc5 bxc5 25. Rad1 Bg4 26. Rb1 Rf7 27. Nd5 Rd8 28. c4 Bf3 29. Ne3 Be4 30. Rb5 Rc7 31. Rd1 Rd4 32. Kf2 Rcd7 33. Rxd4 cxd4 $11 {[%mdl 4096] Endgame KRB-KRN} 34. Nd5 f5 35. Ke2 Kf7 36. Kd2 Ke6 {[%cal Re4d5]} 37. Nf4+ Kd6 38. Nd3 Rc7 {The position is equal.} 39. Rb4 Kc6 (39... a5 $5 {[%cal Ra5b4]} 40. c5+ Kd5 $11) 40. a3 Re7 41. Ra4 Rb7 42. Rb4 Re7 43. Ra4 Rb7 44. Rb4 {Precision: White = 77%, Black = 90%.} 1/2-1/2